000 00656nam a2200229 x 4500
001 1864768
008 920226r19921960enk w 00011 eng b
015 _ab9208310
020 _a0140185585
020 1 0 _a0140185585
_cm
082 0 0 _a823.912
_220
100 1 0 _aJoyce, James,
_d1882-1941.
_9165
245 1 0 _aUlysses /
_cJames Joyce ; with an introduction by Declan Kiberd.
260 _aLondon
_bPenguin
_c1992
300 _alxxxviii,939p
_c20cm
_epbk
350 0 0 _a£6.99
490 0 0 _aPenguin twentieth-century classics
504 0 0 _aOriginally published: London : Bodley Head, 1960
942 _2ddc
_cBK
956 _aNLS
999 _c138
_d138